000 00460nam a2200133 4500
999 _c14265
_d14265
008 190906b ||||| |||| 00| 0 eng d
082 _aDPer 050 T48 Apr - June 2016, v. 187 n. 12-24
100 _939453
_aWorland, Justin.
245 _aDestiny watford:
_bFighting to breathe/
_cJustin Worland.
260 _aHong Kong:
_bTime Asia,
_cc2016.
300 _av187 n22, page 41:
_billustrations;
_c27 cm.
650 _aEnvironmental movement.
_940041
942 _2ddc
_cPER